Młyn, co zboża nie miele

Titel: Młyn, co zboża nie miele : dzieje papierni w Dusznikach-Zdroju / Maciej Szymczyk, Rafał Eysymontt, Rainer Sachs, Marta Nowicka.
Verfasser: ; ; ;
Körperschaft:
Veröffentlicht: Duszniki-Zdrój : Muzeum Papiernictwa w Dusznikach-Zdroju, 2019
Umfang: 64 strony : faksymilia, fotografie, ilustracje, mapa, portrety ; 25 cm.
Format: Buch
Sprache: Polnisch
Schlagworte:
ISBN: 9788360990544 ; 8360990549
Buchumschlag
X
alg: 53286170
001A    $03025:27-08-25 
001B    $03025:27-08-25 $t10:24:09.000 
001D    $03025:27-08-25 
001U    $0utf8 
001X    $00 
002@    $0Aax 
002C    $aunbewegtes Bild $bsti $2rdacontent 
002C    $aText $btxt $2rdacontent 
002D    $aohne Hilfsmittel zu benutzen $bn $2rdamedia 
002E    $aBand $bnc $2rdacarrier 
003@    $0532861701 
004A    $A978-83-60990-54-4 $f((oprawa miękka)) 
004A    $083-60990-54-9 
006C    $01151226352 $aOCoLC 
010@    $apol 
011@    $a2019 $n2019 
021A    $aMłyn, co zboża nie miele $ddzieje papierni w Dusznikach-Zdroju $hMaciej Szymczyk, Rafał Eysymontt, Rainer Sachs, Marta Nowicka. 
028C    $BVerfasser $#Szymczyk, Maciej Kazimierz $4aut $7152617876 $8Szymczyk, Maciej$Z1970- [Tp3] $9290634431 
028C    $BVerfasser $#Eysymontt, Krzysztof $#Eysymontt, Rafał Krzysztof $4aut $7115462090 $8Eysymontt, Rafał$Z1959- [Tp1] $914966401X 
028C    $BVerfasser $4aut $7107969417X $8Sachs, Rainer$Z1954- [Tp3] $9367205629 
028C    $BVerfasser $4aut $71374877131 $8Nowicka, Marta [Tp3] $9532861833 
029F    $aMuzeum Papiernictwa (Duszniki-Zdrój) $BWydawca. $4pbl 
033A    $pDuszniki-Zdrój $nMuzeum Papiernictwa w Dusznikach-Zdroju 
034D    $a64 strony 
034I    $a25 cm. 
034M    $afaksymilia, fotografie, ilustracje, mapa, portrety 
037A    $aBibliografia na stronie 63. 
044A    $aOpracowanie $2dbn $S#7 $N655 
044A    $aPublikacja bogato ilustrowana $2dbn $S#7 $N655 
044K    $RReinerz $#Duszniki-Zdrój $#Duezniki-Zdroj $#Reinerz Duszniki Zdrój $#Bad Reinerz Duszniki Zdrój $74103654-2 $8Duszniki Zdrój [Tg1] $9085303801 
044K    $RPapierherstellung $RMühle $#Paper mills $#Pulp mills $#Papeteries (usines) $#Pâte à papier Usines $#Cartiere $#Molinos papeleros $74173213-3 $8Papiermühle [Ts1] $9085803235 
047C    $aDzieje papierni w Dusznikach-Zdroju 

lok: 53286170 78

exp: 53286170 78 1 #EPN
201B/01 $027-08-25 $t10:17:15.000 
201C/01 $027-08-25 
201U/01 $0utf8 
203@/01 $01317008391 
208@/01 $a27-08-25 $be 
209A/01 $a/ $f000 $x00 
209A/01 $ab*p $x01 
220C/01 $apgar 
244Z/01 $#Generalgouvernement Polen $#Polska $#Rzeczpospolita Polska $#Polska Rzeczpospolita Ludowa $#Poland $#Pologne $#République Polonaise $#Generalne Gubernatorstwo w Polsce $#Polish People's Republic $#Polska Rzeczpospolita Polen $#PRL $#RP $#Polen Generalgouvernement $#Polska Generalgouvernement $#Besetzte Polnische Gebiete $#Besetztes Gebiet in Polen $#Okupowane Polskie Obszary $#Obszary Okupowane w Polsce $#Volksrepublik Polen $#Polska Rosyjska $#Republic Polen $#Respublika Pol'ša $#Pol'skaja Narodnaja Respublika $#République de Pologne $#Polen Links der Weichsel $#Polska po Lewej Stronie Wisły $#Lenkija $#Polija $#Gubernija Carstva Pol'skago $#Republik Polen $74046496-9 $8--Tg1--Polen $x01 $9085129801 
244Z/01 $#Schlesien $#Schlesien $#Herzogtum Schlesien $#Herzogtum Schlesien Schlesien $#Provinz Schlesien $#Śla̜sk $#Slezsko $#Silesia $74052678-1 $8--Tg1--Schlesien $x02 $9085146781 
247C/01 $82080>Marburg/Lahn, Herder-Institut, Forschungsbibliothek, Bibliographieportal $9336309341
LEADER 00000nam a22000002c 4500
001 532861701
003 DE-603
005 20250827102409.0
007 tu
008 250827s2019 xx |||| | u00||u|pol c
020 |a 9788360990544  |c ((oprawa miękka)) 
020 |a 8360990549 
035 |a (DE-599)HEB532861701 
040 |a DE-603  |b ger  |c DE-603  |d DE-603 
041 |a pol 
245 0 0 |a Młyn, co zboża nie miele  |b dzieje papierni w Dusznikach-Zdroju  |c Maciej Szymczyk, Rafał Eysymontt, Rainer Sachs, Marta Nowicka. 
246 1 0 |a Dzieje papierni w Dusznikach-Zdroju 
264 1 |a Duszniki-Zdrój  |b Muzeum Papiernictwa w Dusznikach-Zdroju  |c 2019 
300 |a 64 strony  |b faksymilia, fotografie, ilustracje, mapa, portrety  |c 25 cm. 
336 |a unbewegtes Bild  |b sti  |2 rdacontent 
336 |a Text  |b txt  |2 rdacontent 
337 |a ohne Hilfsmittel zu benutzen  |b n  |2 rdamedia 
338 |a Band  |b nc  |2 rdacarrier 
500 |a Bibliografia na stronie 63. 
650 7 |a Papiermühle  |0 (DE-588)4173213-3  |0 (DE-603)085803235  |2 gnd 
651 7 |a Duszniki Zdrój  |0 (DE-588)4103654-2  |0 (DE-603)085303801  |2 gnd 
700 1 |a Szymczyk, Maciej  |d 1970-  |e Verfasser  |4 aut  |0 (DE-603)290634431  |0 (DE-588)152617876  |2 gnd 
700 1 |a Eysymontt, Rafał  |d 1959-  |e Verfasser  |4 aut  |0 (DE-603)14966401X  |0 (DE-588)115462090  |2 gnd 
700 1 |a Sachs, Rainer  |d 1954-  |e Verfasser  |4 aut  |0 (DE-603)367205629  |0 (DE-588)107969417X  |2 gnd 
700 1 |a Nowicka, Marta  |e Verfasser  |4 aut  |0 (DE-603)532861833  |0 (DE-588)1374877131  |2 gnd 
710 2 |a Muzeum Papiernictwa (Duszniki-Zdrój)  |e Wydawca.  |4 pbl 
924 0 |9 2080  |a (DE-603)1317008391  |b DE-2080  |c HES  |d d  |g /